Harry Potter Cast - Statistics

General Stats
  • This quiz has been taken 547 times
  • The average score is 11 of 15
Answer Stats
Hint Answer % Correct
Hermione Granger Emma Watson
100%
Harry Potter Daniel Radcliffe
97%
Ron Weasley Rupert Grint
96%
Severus Snape Alan Rickman
87%
Draco Malfoy Tom Felton
84%
Minerva McGonagall Maggie Smith
78%
Ginny Weasley Bonnie Wright
74%
Lord Voldemort Ralph Fiennes
69%
Albus Dumbledore #2 Michael Gambon
67%
George Weasley Oliver Phelps
66%
Rubeus Hagrid Robbie Coltrane
65%
Neville Longbottom Matthew Lewis
64%
Fred Weasley James Phelps
62%
Albus Dumbledore #1 Richard Harris
60%
Dobby the House Elf (voice) Toby Jones
31%
No matching quizzes found
Score Distribution
Percent of People with Each Score
Percentile by Number Answered
Your Score History
You have not taken this quiz